5 maestros de la pintura contemporánea. (Record no. 44673)

MARC details
000 -LEADER
campo de control de longitud fija 01951nam a2200433 i 4500
001 - NÚMERO DE CONTROL
campo de control 44673
003 - IDENTIFICADOR DE NÚMERO DE CONTROL
campo de control ES-MaACL
005 - FECHA Y HORA DE LA ÚLTIMA TRANSACCIÓN
campo de control 20251121170344.0
007 - CAMPO FIJO DE DESCRIPCIÓN FÍSICA--INFORMACIÓN GENERAL
campo de control de longitud fija t|
008 - DATOS DE LONGITUD FIJA--INFORMACIÓN GENERAL
campo de control de longitud fija 030324s1974 sp ||||1| spa d
080 ## - NÚMERO DE LA CLASIFICACIÓN DECIMAL UNIVERSAL
Número de la Clasificación Decimal Universal 75(460)"19"
245 00 - MENCIÓN DEL TÍTULO
Título 5 maestros de la pintura contemporánea.
246 3# - FORMA VARIANTE DEL TITULO
Título propio/Titulo breve Cinco maestros de la pintura contemporánea
260 ## - PUBLICACIÓN, DISTRIBUCIÓN, ETC.
Lugar de publicación, distribución, etc. Madrid :
Nombre del editor, distribuidor, etc. Ibérico Europea de Ediciones,
Fecha de publicación, distribución, etc. [1974?]
300 ## - DESCRIPCIÓN FÍSICA
Extensión 2 v. :
Otras características físicas il. ;
Dimensiones 31 cm.
505 8# - NOTA DE CONTENIDO CON FORMATO
Nota de contenido con formato Contiene: I. Cristino de Vera / por Miguel Logroño . Joaquín Peinado / por A.M. Campoy . Jaime Mercadé / por Juan A. Gaya Nuño . Francisco Mateos / por Venancio Sánchez . M. Agustín Redondela / por Enrique Azcoaga -- II. Miguel Villá / por Gerard Xuriguera . Álvaro Delgado / por Joaquín de la Fuente . Martínez Ortiz / por Miguel Logroño . Ginés Parra / por Raúl Chávarri . Barjola / por José de Castro Arines.
600 14 - PUNTO DE ACCESO ADICIONAL DE MATERIA--NOMBRE DE PERSONA
Nombre de persona Vera, Cristino de.
9 (RLIN) 113940
600 14 - PUNTO DE ACCESO ADICIONAL DE MATERIA--NOMBRE DE PERSONA
Nombre de persona Peinado, Joaquín.
9 (RLIN) 89982
600 14 - PUNTO DE ACCESO ADICIONAL DE MATERIA--NOMBRE DE PERSONA
Nombre de persona Mercadé, Jaume,
Fechas asociadas al nombre 1889-1967
9 (RLIN) 80416
600 14 - PUNTO DE ACCESO ADICIONAL DE MATERIA--NOMBRE DE PERSONA
Nombre de persona Mateos, Francisco (
Fechas asociadas al nombre 1894-1976)
9 (RLIN) 78975
600 14 - PUNTO DE ACCESO ADICIONAL DE MATERIA--NOMBRE DE PERSONA
Nombre de persona Redondela, Agustín.
9 (RLIN) 145630
600 17 - PUNTO DE ACCESO ADICIONAL DE MATERIA--NOMBRE DE PERSONA
Nombre de persona Villà, Miquel,
Fechas asociadas al nombre 1901-1988
Fuente del encabezamiento o término
9 (RLIN) 145648
600 14 - PUNTO DE ACCESO ADICIONAL DE MATERIA--NOMBRE DE PERSONA
Nombre de persona Delgado, Álvaro,
Fechas asociadas al nombre 1922-
9 (RLIN) 43394
600 14 - PUNTO DE ACCESO ADICIONAL DE MATERIA--NOMBRE DE PERSONA
Nombre de persona Martínez Ortiz, Nicolás.
9 (RLIN) 78294
600 17 - PUNTO DE ACCESO ADICIONAL DE MATERIA--NOMBRE DE PERSONA
Nombre de persona Parra, Ginés,
Fechas asociadas al nombre 1896-1960
Fuente del encabezamiento o término
9 (RLIN) 145661
600 14 - PUNTO DE ACCESO ADICIONAL DE MATERIA--NOMBRE DE PERSONA
Nombre de persona Barjola, Juan.
9 (RLIN) 25668
650 #4 - PUNTO DE ACCESO ADICIONAL DE MATERIA--TÉRMINO DE MATERIA
Término de materia o nombre geográfico como elemento de entrada Pintura española-
Subdivisión cronológica S.XX.
9 (RLIN) 16042
700 1# - ENTRADA AGREGADA--NOMBRE PERSONAL
Nombre de persona Logroño, Miguel.
9 (RLIN) 73129
700 1# - ENTRADA AGREGADA--NOMBRE PERSONAL
Nombre de persona Campoy, A. M.,
Fechas asociadas al nombre 1924-1993
9 (RLIN) 34292
700 0# - ENTRADA AGREGADA--NOMBRE PERSONAL
Nombre de persona Gaya Nuño, Juan Antonio,
Fechas asociadas al nombre 1913-1976
9 (RLIN) 56130
700 1# - ENTRADA AGREGADA--NOMBRE PERSONAL
Nombre de persona Sánchez Marín, Venancio.
9 (RLIN) 102754
700 1# - ENTRADA AGREGADA--NOMBRE PERSONAL
Nombre de persona Azcoaga, Enrique,
Fechas asociadas al nombre 1912-1985
9 (RLIN) 24261
700 1# - ENTRADA AGREGADA--NOMBRE PERSONAL
Nombre de persona Xuriguera, Gérard.
9 (RLIN) 145641
700 1# - ENTRADA AGREGADA--NOMBRE PERSONAL
Nombre de persona Puente, Joaquín de la.
9 (RLIN) 94146
700 1# - ENTRADA AGREGADA--NOMBRE PERSONAL
Nombre de persona Chávarri, Raúl,
Fechas asociadas al nombre 1929-1984
9 (RLIN) 161889
700 1# - ENTRADA AGREGADA--NOMBRE PERSONAL
Nombre de persona Castro Arines, José de,
Fechas asociadas al nombre 1913-1997
9 (RLIN) 36907
852 ## - LOCALIZACIÓN
Ubicación ES-MaACL
Número de control de estantería C-41904-05
Holdings
Estatus retirado Estado de pérdida Estado de daño No para préstamo Biblioteca de origen Biblioteca actual Ubicación en estantería Fecha de adquisición Fuente de adquisición Total de préstamos Signatura topográfica completa Código de barras Visto por última vez Precio de reemplazo Tipo de ítem Koha
        Biblioteca del Ateneo de Madrid Biblioteca del Ateneo de Madrid Depósito 2 17/01/2008     C-41904-05 1047016 23/02/2023 23/02/2023 Libro impreso